000 01185cab a2200301 4500
001 ABS53686
008 090401t1995 xxu||||| |||| 00| 0 eng d
035 _a(Sirsi) u5908
041 _aeng
100 _aHarris, D.J.
245 _aProblems of moisture beneath suspended timber floors
260 _c1995
350 _a0
490 _aBuilding Engineer
_v70(8) October 1995, 10-14(5)
520 _aDiscusses the problems of damp in timber suspended floors, the most common form of construction for ground floors in existing British housing, where if moisture builds up in the crawl space beneath the floor, wet or dry rot may begin, leading to structural damage. Looks at five case studies. References.
650 _aBUILDING DEFECTS
650 _aCRAWL SPACE
650 _aDAMP
650 _aBUILT ENVIRONMENT-BUILDING PATHOLOGY-INFESTATION (FUNGAL)-FUNGI-DRY ROT
650 _aBUILT ENVIRONMENT-BUILDING ELEMENTS-COMPLETE BUILDING ELEMENTS-FLOORS
650 _aTIMBER FLOORS
650 _aTIMBER SUSPENDED FLOORS
650 _aVENTILATION
650 _aWET ROT
690 _aBUILDING AND CONSTRUCTION-DEFECTS AND FAILURES
942 _n0
948 _c04/03/1997
999 _c3536
_d3536